Most common LEGO Star Wars minifigures - Statistics

General Stats
  • This quiz has been taken 2,104 times
    293 since last reset
  • The average score is 28 of 39
Answer Stats
Hint Answer % Correct
81 Anakin Skywalker / Darth Vader 1999-2025
99%
84 Luke Skywalker 1999-2025
99%
61 Han Solo 2000-2025
96%
36 Leia Organa 2000-2025
96%
46 Obi-Wan Kenobi / Ben Kenobi 1999-2025
95%
63 R2-D2 1999-2025
93%
33 C-3PO 2000-2025
92%
14 Rey Palpatine / Rey Skywalker 2015-2024
91%
13 Sandtrooper 2004-2020
91%
18 Scout trooper (Empire) 1999-2023
91%
18 Sheev Palpatine / Darth Sidious 2000-2025
91%
43 Snowtrooper (Empire) 2003-2022
91%
66 Stormtrooper (Empire) 2001-2025
91%
17 Stormtrooper (First Order) 2015-2019
91%
15 Clone pilot 2006-2025
89%
14 Clone trooper (501st Legion) 2013-2024
88%
42 Clone trooper (regular) 2002-2024
88%
15 Yoda 2002-2023
86%
37 Chewbacca 2000-2025
85%
15 Pilot battle droid 2001-2025
80%
139 Battle droid (regular) 1999-2025
79%
13 Darth Maul / Maul 1999-2025
78%
23 Boba Fett 2000-2025
76%
32 Super battle droid 2002-2025
76%
12 Qui-Gon Jinn 1999-2024
61%
31 Rebel cold-weather soldier 1999-2022
57%
10 Lando Calrissian 2003-2024
56%
16 Rebel fleet trooper 2008-2024
56%
14 Ahsoka Tano 2008-2025
55%
10 Poe Dameron 2015-2021
55%
14 Din Djarin 2019-2025
54%
15 BB-8 2015-2025
50%
29 TIE pilot (Empire) 2001-2024
44%
12 Din Grogu 2020-2025
39%
15 Mandalorian 2011-2024
29%
20 Imperial Guard 2001-2025
28%
17 Jawa 2005-2025
26%
14 Officer (Empire) 2002-2019
24%
13 Gonk droid 2003-2025
14%
No matching quizzes found
Score Distribution
Percent of People with Each Score
Percentile by Number Answered
Your Score History
You have not taken this quiz since the last reset